00266 a2200097 4500082001300000100002400013245005900037260003500096300002100131650001600152 a891.4391 aQudsi, Abdul Quddus aAik hi mousam paat jahr kacAbdul Quddus Qudsih[Urdu] aIslamabad :bLeo Books,c1994. a172 p. ;c21 cm. aUrdu poetry